000 00620nas a2200217 i 4500
001 178579
003 ES-MaACL
005 20250217134901.0
008 110608d19601980sp a| | ||pa d
022 _a0081-3354
080 _a338.45(460)(083.4)
245 0 0 _aEstadística industrial de España.
260 _aMadrid :
_bInstituto Nacional de Estadística,
_c[1960-1980]
300 _a12 v. ;
_c23 cm.
310 _aAnual
362 0 _a1958-1977.
710 2 _aInstituto Nacional de Estadística (España)
_95162
852 _aES-MaACL
_jHem-A-11
866 0 _o1965-66, 1968-1977.
999 _c178579
_d178579